Four letter words part 5 - Statistics

General Stats
  • This quiz has been taken 31 times
  • The average score is 16 of 20
Answer Stats
Hint Answer % Correct
Pita Pita
100%
Bare Bare
94%
Best Best
94%
Fact Fact
94%
Jeep Jeep
94%
Kill Kill
94%
Oval Oval
94%
Owls Owls
94%
Bind Bind
89%
Cave Cave
89%
Hail Hail
89%
Volt Volt
89%
Goal Goal
83%
Pain Pain
83%
Wish Wish
83%
Bean Bean
72%
Delt Delt
67%
Zoom Zoom
44%
Lava Lava
33%
Frog Frog
22%
No matching quizzes found
Score Distribution
Percent of People with Each Score
Percentile by Number Answered
Your Score History
You have not taken this quiz